000 01080nam a2200241 i 4500
001 89602
003 ES-MaACL
005 20250902070713.0
007 t|
008 050111s1965 sp |||| | spa d
100 1 _aLasser, J. K.
_970466
245 1 0 _aOrganización de empresas
_b: cómo organizar, administrar y conducir medianas y pequeñas empresas /
_cJ.K. Lasser ; prólogo, supervisión, anotaciones sobre la legislación española y notas por Sergio Garcigoy Badía ; [versión española de C. Niell Sureda y Sergio Garcigoy Badía].
250 _a3ª ed.
260 _aBarcelona :
_bHispano Europea,
_c1965.
300 _aXXII, 607 p. ;
_c21 cm.
490 1 _aBiblioteca de dirección, organización y administración de empresas . Técnicas administrativas
650 0 7 _aGestión de empresas
_2embne
_912210
700 1 _aGarcigoy Badía, Sergio.
_955470
700 1 _aNiell Sureda, Conrado.
_985634
830 0 0 _aBiblioteca de dirección, organización y administración de empresas
_9183673
852 _aES-MaACL
_jC-28493
999 _c89602
_d89602